<?xml version="1.0" encoding="UTF-8"?>
<record
    xmlns:xsi="http://www.w3.org/2001/XMLSchema-instance"
    xsi:schemaLocation="http://www.loc.gov/MARC21/slim http://www.loc.gov/standards/marcxml/schema/MARC21slim.xsd"
    xmlns="http://www.loc.gov/MARC21/slim">

  <leader>01522    a2200241   4500</leader>
  <controlfield tag="001">39</controlfield>
  <controlfield tag="005">20260407155404.0</controlfield>
  <controlfield tag="008">260407a2001    arg                 spa d</controlfield>
  <controlfield tag="003">AR-UNSa-BCEJYS</controlfield>
  <datafield tag="040" ind1=" " ind2=" ">
    <subfield code="a">AR-UNSa-BCEJYS</subfield>
    <subfield code="b">spa</subfield>
    <subfield code="c">AR-UNSa-BCEJYS</subfield>
  </datafield>
  <datafield tag="080" ind1=" " ind2=" ">
    <subfield code="a">330.101.542</subfield>
    <subfield code="x">Microeconom&#xED;a</subfield>
  </datafield>
  <datafield tag="245" ind1="1" ind2="0">
    <subfield code="a">Microeconom&#xED;a</subfield>
    <subfield code="p">versi&#xF3;n para Latinoamerica</subfield>
  </datafield>
  <datafield tag="020" ind1=" " ind2=" ">
    <subfield code="a">978-968-444-442-3</subfield>
  </datafield>
  <datafield tag="250" ind1=" " ind2=" ">
    <subfield code="a">5a. ed.</subfield>
  </datafield>
  <datafield tag="264" ind1=" " ind2="1">
    <subfield code="a">M&#xE9;xico :</subfield>
    <subfield code="b">Pearson Educaci&#xF3;n</subfield>
    <subfield code="c">2001</subfield>
  </datafield>
  <datafield tag="300" ind1=" " ind2=" ">
    <subfield code="a">xxxviii, 541 p.</subfield>
    <subfield code="c">25 cm.</subfield>
  </datafield>
  <datafield tag="505" ind1=" " ind2=" ">
    <subfield code="a">1. &#xBF;Qu&#xE9; es la econom&#xED;a? - 2. Elaboraci&#xF3;n y utilizaci&#xF3;n de gr&#xE1;ficas - 3. El problema econ&#xF3;mico - 4. Oferta y demanda - 5. La elasticidad - 6. Eficiencia y equidad - 7. Los mercados en la pr&#xE1;ctica - 8. Utilidad y demanda - 9. Posibilidades, preferencias y elecciones - 10. Organizaci&#xF3;n de la producci&#xF3;n - 11. Producci&#xF3;n y costos - 12. Competencia perfecta - 13. Monopolio - 14. Competencia monopol&#xED;stica y oligopolio - 15. Demanda y oferta en mercado de factores - 16. Mercado de trabajo - 17. Desigualdad, redistribuci&#xF3;n y atenci&#xF3;n m&#xE9;dica - 18. Fallas de mercado y elecci&#xF3;n p&#xFA;blica - 19. Regulaci&#xF3;n y legislaci&#xF3;n antimonopolio - 20. Las externalidades, el medio ambiente y el conocimiento - 21. Incertidumbre e informaci&#xF3;n - 22. El comercio en el mundo
</subfield>
  </datafield>
  <datafield tag="942" ind1=" " ind2=" ">
    <subfield code="c">BK</subfield>
  </datafield>
  <datafield tag="590" ind1=" " ind2=" ">
    <subfield code="a">niveau_biblio:m niveau_hierar:0</subfield>
  </datafield>
  <datafield tag="100" ind1="1" ind2=" ">
    <subfield code="a">Parkin, Michael</subfield>
  </datafield>
  <datafield tag="700" ind1="1" ind2=" ">
    <subfield code="a">Esquivel, Gerardo</subfield>
  </datafield>
  <datafield tag="856" ind1="4" ind2="1">
    <subfield code="u">https://biblioeco.unsa.edu.ar/pmb/images/libros/Microeconomia-l86515.jpg</subfield>
    <subfield code="y">Imagen de portada</subfield>
    <subfield code="q">image/jpeg</subfield>
  </datafield>
  <datafield tag="999" ind1=" " ind2=" ">
    <subfield code="c">31</subfield>
    <subfield code="d">31</subfield>
  </datafield>
  <datafield tag="952" ind1=" " ind2=" ">
    <subfield code="0">0</subfield>
    <subfield code="1">0</subfield>
    <subfield code="4">0</subfield>
    <subfield code="7">0</subfield>
    <subfield code="a">BCEJYS</subfield>
    <subfield code="b">BCEJYS</subfield>
    <subfield code="c">16</subfield>
    <subfield code="d">2026-04-07</subfield>
    <subfield code="l">0</subfield>
    <subfield code="o">330.101.542 P247 5ed.</subfield>
    <subfield code="p">L86515</subfield>
    <subfield code="r">2026-04-07 15:54:04</subfield>
    <subfield code="w">2026-04-07</subfield>
    <subfield code="y">L</subfield>
    <subfield code="z">P&#xC1;G 30 Y 31 REPARADAS - P&#xC1;G 30 ROTA - 3&#xB0; P&#xC1;GINA REPARADA - H&#xDA;MEDO - L&#xC1;PIZ LEVE - P&#xC1;G 151 PEGADA CON CINTA - &#xDA;LTIMA P&#xC1;G ROTA</subfield>
  </datafield>
  <datafield tag="952" ind1=" " ind2=" ">
    <subfield code="0">0</subfield>
    <subfield code="1">0</subfield>
    <subfield code="4">0</subfield>
    <subfield code="7">0</subfield>
    <subfield code="a">BCEJYS</subfield>
    <subfield code="b">BCEJYS</subfield>
    <subfield code="c">16</subfield>
    <subfield code="d">2026-04-07</subfield>
    <subfield code="l">0</subfield>
    <subfield code="o">330.101.542 P247 5ed.</subfield>
    <subfield code="p">L86535</subfield>
    <subfield code="r">2026-04-07 15:54:04</subfield>
    <subfield code="w">2026-04-07</subfield>
    <subfield code="y">L</subfield>
    <subfield code="z">L&#xC1;PIZ - HOJAS MANCHADAS - POCO H&#xDA;MEDO EL CANTO - P&#xC1;GINAS H&#xDA;MEDAS - P&#xC1;G 73 SUELTA</subfield>
  </datafield>
  <datafield tag="952" ind1=" " ind2=" ">
    <subfield code="0">0</subfield>
    <subfield code="1">0</subfield>
    <subfield code="4">0</subfield>
    <subfield code="7">0</subfield>
    <subfield code="a">BCEJYS</subfield>
    <subfield code="b">BCEJYS</subfield>
    <subfield code="c">16</subfield>
    <subfield code="d">2026-04-07</subfield>
    <subfield code="l">0</subfield>
    <subfield code="o">330.101.542 P247 5ed.</subfield>
    <subfield code="p">L127442</subfield>
    <subfield code="r">2026-04-07 15:54:04</subfield>
    <subfield code="w">2026-04-07</subfield>
    <subfield code="y">L</subfield>
    <subfield code="z">L&#xC1;PIZ</subfield>
  </datafield>
</record>
